Educación rural y equidad /
Guardado en:
| Hovedforfatter: | |
|---|---|
| Format: | Texto |
| Fag: | |
| Tags: |
Tilføj Tag
Ingen Tags, Vær først til at tagge denne postø!
|
MARC
| LEADER | 00000 a a2200000 04500 | ||
|---|---|---|---|
| 001 | 16840 | ||
| 003 | |||
| 040 | |||
| 100 | |a Malavassi Calvo, Humberto | ||
| 245 | |a Educación rural y equidad / |c Humberto Malavassi Calvo | ||
| 650 | |a ENSEÑANZA SECUNDARIA | ||
| 650 | |a ZONAS RURALES | ||
| 650 | |a ENSEÑANZA TECNICA | ||
| 773 | |g volumen 12, número 2; páginas 71-79 | ||
| 999 | |c 23825 |d 23825 | ||
